000 00315nam a22001337a 4500
008 181012b xxu||||| |||| 00| 0 eng d
020 _a9780127515410
041 _aeng
080 _a311
100 _a55
101 _aSTA
245 _aApplying Contemporary Statistical Techniques
_cWilcox, R.R
942 _2udc
_cBK
999 _c49544
_d49544